LEADER 01327nam2 2200361 450 001 000028565 005 20110601135923.0 010 $a3-446-12092-0 100 $a20110531d1975----km-y0itaa50------ba 101 0 $ager 102 $aDe 200 1 $aHesperus (II)$aAnhang zu den Bänden 1 und 2$fherausgegeben von Norbert Miller$gnachwort von Walter Höllerer 210 $aMünchen ; Wien$cHanser$dc1975 215 $aP. 704-1356$d19 cm 225 2 $aReihe Hanser$v200/2 410 0$12001$aReihe Hanser$v200/2 423 1$12001$aAnhang zu den Bänden 1 und 2 461 1$1001000028563$12001$aJean Paul Werke$v2 676 $a833.6$v(21. ed.)$9Narrativa tedesca. 1750-1832 700 1$aJean Paul$f<1763-1825>$0175043 702 1$aMiller,$bNorbert 702 1$aHöllerer,$bWalter 801 0$aIT$bUniversità della Basilicata - B.I.A.$gRICA$2unimarc 912 $a000028565 996 $aAnhang zu den B?nden 1 und 2$995593 996 $aHesperus (II$995592 997 $aUNIBAS BAS $aLETTERE CAT $aTTM$b30$c20110531$lBAS01$h1333 CAT $aTTM$b30$c20110601$lBAS01$h1138 CAT $aTTM$b30$c20110601$lBAS01$h1359 FMT Z30 -1$lBAS01$LBAS01$mBOOK$1BASA1$APolo Storico-Umanistico$2FMAS$BFondo Masini$3FMas/817/3864$6817/3864$5B817/3864$820110531$f04$FPrestabile Didattica$hVol. 2 LEADER 02204nas 2200673-a 450 001 9910446846203321 005 20230214213019.0 011 $a1741-3001 035 $a(DE-599)ZDB2028959-5 035 $a(OCoLC)44179494 035 $a(CKB)963017844294 035 $a(CONSER)--2005233956 035 $a(EXLCZ)99963017844294 100 $a20000605a20009999 s-- - 101 0 $aeng 135 $aurmnu|||||||| 181 $ctxt$2rdacontent 182 $cc$2rdamedia 183 $acr$2rdacarrier 200 10$aJournalism $etheory, practice, and criticism 210 $aLondon ;$aThousand Oaks, CA $cSage Publications$d©2000- 300 $aTitle from journal information screen (SAGE Journals Online, viewed Mar. 4, 2005). 311 $a1464-8849 517 1 $aJ 606 $aJournalism$vPeriodicals 606 $aJournalism$xSocial aspects$vPeriodicals 606 $aJournalism$xStudy and teaching$vPeriodicals 606 $aJournalisme$vPériodiques 606 $aPresse$xAspect social$vPériodiques 606 $aJournalism$xStudy and teaching$2fast$3(OCoLC)fst00984093 606 $aJournalism$2fast$3(OCoLC)fst00984032 606 $aJournalism$xSocial aspects$2fast$3(OCoLC)fst00984087 606 $aJournalisme$2rasuqam 606 $aPresse$2rasuqam 606 $aAspect social$2rasuqam 606 $aAspect politique$2rasuqam 606 $aAspect économique$2rasuqam 608 $aPeriodicals.$2fast 608 $aPeriodicals.$2lcgft 608 $aPériodique électronique (Descripteur de forme)$2rasuqam 608 $aRessource Internet (Descripteur de forme)$2rasuqam 615 0$aJournalism 615 0$aJournalism$xSocial aspects 615 0$aJournalism$xStudy and teaching 615 6$aJournalisme 615 6$aPresse$xAspect social 615 7$aJournalism$xStudy and teaching. 615 7$aJournalism. 615 7$aJournalism$xSocial aspects. 615 17$aJournalisme. 615 7$aPresse. 615 7$aAspect social. 615 7$aAspect politique. 615 7$aAspect économique. 676 $a070.4 906 $aJOURNAL 912 $a9910446846203321 996 $aJournalism$92018415 997 $aUNINA